000
00335nam a2200133Ia 4500
008
240624s9999 xx 000 0 und d
041
_a
eng
082
_a
920 SEL
100
_a
SELES MONICA
245
_a
GETTING A GRIP ON MY BODY MY MIND MY SEL
250
_a
(Reprint ed.)
260
_c
2010
_a
London
_b
Avery Trade
300
_a
304 : p.
999
_c
18306
_d
18306